Fundamentos de ciencia política

Enregistré dans:
Détails bibliographiques
Auteurs principaux: Pastor, Manuel (autor), Blas Guerrero, Andrés de (Auteur), Abreu, Víctor (Auteur), Casado, Yolanda (Auteur), González, Secundino (Auteur), Merino, Emilio (Auteur), Ninou, Carmen (Auteur), Reig Tapia, Alberto (Auteur), Cañeque, Carlos (Auteur)
Format: Livre
Langue:espagnol
Publié: Madrid McGraw-Hill 1994
Édition:1a. ed
Sujets:
Tags: Ajouter un tag
Pas de tags, Soyez le premier à ajouter un tag!

MARC

LEADER 00000cam a2200000 a 4500
001 UCN2080
003 CL-VaPUC
008 010511e19940000SP |||||||||||||||||spa|d
020 |a 8448119096 
082 0 4 |a 320.01  |b PAS  |2 21 
100 |a Pastor, Manuel  |e autor  |9 457656 
700 0 |a Blas Guerrero, Andrés de  |e author  |9 457657 
700 0 |a Abreu, Víctor  |e author  |9 457658 
700 0 |a Casado, Yolanda  |e author  |9 457659 
700 0 |a González, Secundino  |e author  |9 457660 
700 0 |a Merino, Emilio  |e author  |9 457661 
700 0 |a Ninou, Carmen  |e author  |9 457662 
700 0 |a Reig Tapia, Alberto  |e author  |9 457663 
700 0 |a Cañeque, Carlos  |e author  |9 457664 
245 1 0 |a Fundamentos de ciencia política 
250 |a 1a. ed 
300 |a 395 p 
942 |c BK 
945 |d 20010511 00:00:00  |a cmena 
260 |a Madrid  |b McGraw-Hill  |c 1994 
650 7 |a FILOSOFIA POLITICA  |2 CL-VaPUC  |9 457665 
650 0 |a Ciencias Políticas  |9 255201 
650 7 |a TEORIA POLITICA  |2 CL-VaPUC  |9 457666 
650 0 |a Ideologías  |9 255200 
650 7 |a SISTEMAS POLITICOS  |2 CL-VaPUC  |9 457667 
583 |a last modification  |c 20160711 01:18:34  |k Rodrigo Vera 
999 |c 295239  |d 295237 
952 |0 0  |1 0  |4 0  |6 320_010000000000000_PAS_1994  |7 0  |8 R  |9 348209  |a BIBGIM  |b BIBGIM  |d 2019-11-20  |i 3632873  |o 320.01 PAS 1994  |p 3632873  |r 2025-01-15  |w 2019-11-20  |y BK_R  |k GIM 
952 |0 0  |1 0  |4 0  |6 320_010000000000000_PAS_1994  |7 0  |8 R  |9 348210  |a BIBGIM  |b BIBGIM  |d 2019-11-20  |i 3796965  |o 320.01 PAS 1994  |p 3796965  |r 2025-01-15  |w 2019-11-20  |y BK_R  |k SSL 
952 |0 0  |1 0  |3 erb  |4 0  |6 320_010000000000000_PAS_1994  |7 0  |8 A  |9 348211  |a FDOHBE  |b FDOHBE  |e Huesbe Llanos, Marco Antonio, 1934-  |i 5306043  |o 320.01 PAS 1994  |p 5306043  |r 2024-01-30  |w 2019-11-20  |y BK  |z Catalogado en:20160713  |k HBE